000 00284nam a22001337a 4500
003 SGT
020 _a9781848213340
082 _a610.285.63,TRO
100 _aTROCCAZ,JOCELYNE
245 _aMEDICAL ROBOTICS
260 _aUSA
_bWILEY AND SONS
_c2012
300 _a412
942 _2ddc
_cBK
999 _c29369
_d29369